Statistics for TOP 10 Countries With The Unhealthiest Diet

Click here to take the quiz!

General Stats

  • This quiz has been taken 153 times
  • The average score is 3 of 10

Answer Stats

Country% Correct
United States
100%
Russia
58%
Australia
55%
Brazil
47%
Belgium
19%
Iceland
18%
Colombia
17%
Hungary
15%
Latvia
8%
Armenia
4%

Score Distribution

Percentile by Number Answered

Percent of People with Each Score

Your Score History

You have not taken this quiz